| 000 -LEADER |
| fixed length control field |
00533nas a2200157Ia 4500 |
| 022 ## - INTERNATIONAL STANDARD SERIAL NUMBER |
| ISSN |
0031-949X |
| 040 ## - CATALOGING SOURCE |
| Transcribing agency |
OAG |
| 082 ## - DEWEY DECIMAL CLASSIFICATION NUMBER |
| Classification number |
632 AME 1976 A105 Or. |
| 245 00 - TITLE STATEMENT |
| Title |
Phytopathology |
| 260 ## - PUBLICATION, DISTRIBUTION, ETC. (IMPRINT) |
| Place of publication |
[St. Paul, Minn., etc. : |
| Name of publisher |
American Phytopathological Society] |
| 500 ## - GENERAL NOTE |
| General note |
Description based on: Vol. 87, no. 1 (Jan. 1997); title from general information screen (viewed April 22, 2004) |
| 650 #0 - SUBJECT ADDED ENTRY--TOPICAL TERM |
| Topical Term |
Plant diseases |
| 710 2# - ADDED ENTRY--CORPORATE NAME |
| Corporate name or jurisdiction name as entry element |
American Phytopathological Society |
| 856 40 - ELECTRONIC LOCATION AND ACCESS |
| Uniform Resource Identifier |
http://apsjournals.apsnet.org/loi/phyto |
| 942 ## - ADDED ENTRY ELEMENTS (KOHA) |
| Koha item type |
សៀវភៅភាសាអង់គ្លេស |
| 952 ## - LOCATION AND ITEM INFORMATION (KOHA) |
| Withdrawn status [LOCAL, KOHA] |
0 |